000 00917nam a2200265 i 4500
001 187119
003 SpMaBN
005 20250807082103.0
008 170419s1982 sp |||| | spa d
020 _a84-600-2723-6
080 _a347.62
100 1 _aGonzález y González, Fernando.
_9162407
245 1 0 _aIgnorancia y consentimiento matrimonial /
_cFernando González y González ; prólogo de Alfonso Prieto Prieto.
260 _aLeón :
_bColegio Universitario,
_c1982.
300 _aXXVIII, 320 p. ;
_c21 cm.
490 1 _aPublicaciones.
_aDerecho ;
_v24
500 _aÍndice.
504 _aBibliografía: p. 307-317.
650 7 _aMatrimonio (Derecho)
_2embne
_9144371
700 1 _aPrieto Prieto, Alfonso.
_993941
710 2 _aColegio Universitario de León.
_92991
830 0 _aPublicaciones.
_aDerecho ;
_v24
_9225509
852 _aES-MaACL
_jL-31441
999 _c187119
_d187119